[Event "Aeskulap op 13th"]
[Site "Goerlitz"]
[Date "1996.04.06"]
[Round "6"]
[White "Wuerfel, Siegfried"]
[Black "Reimann, Hagen"]
[Result "0-1"]
[WhiteElo "1526"]
[BlackElo "1727"]
[PlyCount "121"]
[EventDate "1996.04.03"]
[EventType "swiss"]
[EventRounds "7"]
[EventCountry "GER"]
[SourceTitle "EXT 2009"]
[Source "ChessBase"]
[SourceDate "2008.11.26"]
[SourceVersion "1"]
[SourceVersionDate "2008.11.26"]
[SourceQuality "1"]

1. e4 e6 2. d4 d5 3. exd5 exd5 4. Bd3 Nf6 5. Ne2 h6 6. Nd2 Bd6 7. c3 0-0 8. h3 Re8 9. 0-0 Be6 10. Nf3 Nh5 11. Qc2 Nd7 12. Be3 c6 13. Bf5 Qc7 14. Bxe6 Rxe6 15. Qf5 g6 16. Qd3 Kg7 17. Qd2 Rh8 18. Rae1 Ndf6 19. Qc1 Ne4 20. a3 b5 21. Ne5 c5 22. f4 f5 23. Rf3 Nhf6 24. Ref1 c4 25. Qd1 Be7 26. Kh2 Qd8 27. Rg1 Rf8 28. g4 Nd6 29. gxf5 Nxf5 30. Rxg6+ Kh7 31. Qb1 Rxe5 32. fxe5 Ne4 33. Qg1 Bg5 34. Nf4 Nh4 35. Rg7+ Kxg7 36. Ne6+ Kg8 37. Rxf8+ Qxf8 38. Nxf8 Nf3+ 39. Kg2 Nxg1 40. Bxg5 Nxg5 41. Nd7 N1f3 42. Nf6+ Kf7 43. Nxd5 Ne1+ 44. Kg3 Ne6 45. Ne3 Nd3 46. Nf5 Kg6 47. Ne7+ Kh5 48. Nc6 a6 49. d5 Nec5 50. e6 Kg6 51. e7 Kf7 52. Kg4 Ne4 53. h4 Nf6+ 54. Kf5 Nxd5 55. Ke4 Nc7 56. b3 Nc5+ 57. Ke5 cxb3 58. Kd6 b2 59. Kxc7 b1Q 60. Na5 Ne6+ 61. Kb6 0-1

[Event "Aeskulap op 13th"]
[Site "Goerlitz"]
[Date "1996.04.05"]
[Round "4"]
[White "Praum, Ullrich"]
[Black "Reimann, Hagen"]
[Result "1-0"]
[WhiteElo "1766"]
[BlackElo "1727"]
[PlyCount "47"]
[EventDate "1996.04.03"]
[EventType "swiss"]
[EventRounds "7"]
[EventCountry "GER"]
[SourceTitle "EXT 2009"]
[Source "ChessBase"]
[SourceDate "2008.11.26"]
[SourceVersion "1"]
[SourceVersionDate "2008.11.26"]
[SourceQuality "1"]

1. Nf3 d5 2. b3 Nc6 3. Bb2 f6 4. d4 Bf5 5. e3 e6 6. Bb5 Nge7 7. 0-0 a6 8. Be2 b5 9. a3 Nc8 10. Nbd2 Nb6 11. Nh4 Bg6 12. Nxg6 hxg6 13. c4 bxc4 14. bxc4 Kf7 15. Rc1 Qd7 16. cxd5 exd5 17. Qc2 Bd6 18. f4 Ne7 19. e4 dxe4 20. Nxe4 Ned5 21. Bc4 Nxc4 22. Qxc4 Qe6 23. Rce1 Nxf4 24. Ng5+ 1-0

[Event "Aeskulap op 13th"]
[Site "Goerlitz"]
[Date "1996.04.04"]
[Round "2"]
[White "Pabst, Robert"]
[Black "Reimann, Hagen"]
[Result "1-0"]
[WhiteElo "1615"]
[BlackElo "1727"]
[PlyCount "77"]
[EventDate "1996.04.03"]
[EventType "swiss"]
[EventRounds "7"]
[EventCountry "GER"]
[SourceTitle "EXT 2009"]
[Source "ChessBase"]
[SourceDate "2008.11.26"]
[SourceVersion "1"]
[SourceVersionDate "2008.11.26"]
[SourceQuality "1"]

1. e4 e6 2. Nc3 d5 3. exd5 exd5 4. Be2 Nf6 5. d4 Bb4 6. a3 Bxc3+ 7. bxc3 Ne4 8. Bb2 Qf6 9. Nf3 Bf5 10. 0-0 Nd7 11. c4 c6 12. cxd5 cxd5 13. c4 Nb6 14. cxd5 0-0 15. Re1 Nxd5 16. Qb3 Rfd8 17. Bd3 Ng5 18. Nxg5 Bxd3 19. Nxf7 Qxf7 20. Qxd3 Rf8 21. Qg3 Rac8 22. Rac1 Qf5 23. h3 Nf4 24. d5 Rf7 25. Rxc8+ Qxc8 26. d6 Qc6 27. Be5 Ng6 28. Qg5 Rd7 29. Rc1 Qe4 30. Rc8+ Kf7 31. f4 b5 32. Qg4 Nxe5 33. fxe5 Qxg4 34. hxg4 Ke6 35. Re8+ Kd5 36. Re7 Kc6 37. Rxd7 Kxd7 38. Kf2 a5 39. Ke1 1-0